000 00429nam a2200181Ia 4500
001 15647
005 20260306170211.0
008 260306t2012||||xx |||||||||||||| ||und||
041 _aESP
082 _a570
_bS14 2012
100 _aSadava, David
_eAUT
245 0 _aVida:
_bla ciencia de la biología
260 _c2012
300 _aXXXIX, 1251 páginas :
_c
650 _aGEN
654 _aCCN
942 _cLIB
_dJUS
_fJUS
_2ddc
_n
999 _c15647
_d15647